01427 2200397 4500001002100000005001500021035002000036020002200056040002200078082001700100084001900117090002200136100003400158245022300192300003700415650002400452700003100476700002900507700003400536700002400570700002500594700003400619700002900653700002900682700004400711264003600755336002100791337003000812338002300842999002200865850001200887250003400899008004100933504003300974990002201007INLIS00000000089464920250325011346 a0010-0325000730 a978-623-8586-22-6 aYOPDYOGbinderda04223a338.4791 a338.4791 NIC p aCB-D.11 2024-57890 aNicko Gana SaputraePengarang10aPengantar pariwisata :bmenggunakan posgreSQL /cNicko Gana Saputra, Fauziah Eddyono, Rina Fitriana, Reni Sulistiyowati, Yulianti, Maryetti, FX. Setiyo Wibowo, Derinta Entas, Eman Sulaeman, Ni Made Dwiyana Rasuma Putri ax, 251 halaman :btabel ;c23 cm 4aIndustri pariwisata0 aFauziah EddyonoePengarang0 aRina FitrianaePengarang0 aReni SulistiyowatiePengarang0 aYuliantiePengarang0 aMaryettiePenyunting1 aSetiyo Wibowo, FX.ePengarang0 aDerinta EntasePengarang0 aEman SulaemanePengarang3 aNi Made Dwiyana Rasuma PutriePengarang31aSleman :bPenamuda Media,c2024 2rdacontentateks 2rdamediaatanpa perantara 2rdacarrieravolume aCB-D.11/2024-5789 aYOPDYOG aCetakan Pertama, Agustus 2024250325s2024 yoia g | ind d aBibliografi: halaman 225-243 aCB-D.11/2024-5789